00378nam a2200133Ia 4500008004100000020001500041041001200056082001600068100001800084245008900102260003700191300000900228650000700237221030s9999 xx 000 0 und d a8177000160 aEnglish a105.23bSaw aA. K. Sawhney 2aA Course In Electrical & Electronic Measurements & Instrumentationcby A. K. Sawhney bDhanpat Rai PubaNew Delhic2000 a1542 aEE